| 000 | 01809cam a22004697a 4500 | ||
|---|---|---|---|
| 001 | 000077489 | ||
| 003 | CHAP | ||
| 005 | 20230531062625.0 | ||
| 008 | 971209d1994 mx r 10110 spa d | ||
| 010 | _a74724 | ||
| 011 | _a75696 | ||
| 035 | _a85264 | ||
| 040 | _cCHAP | ||
| 090 | _aFolleto 14898 | ||
| 111 | 0 | 0 |
_aSeminario Nacional sobre Alternativas para la Economía Mexicana _d(1993 : _cChapingo, Méx.) |
| 245 | 1 | 0 |
_aSíntesis de diagnóstico y proposiciones / _c/coord. por José Luis Calva Téllez. |
| 260 |
_aChapingo, Méx. : _bUACH. Centro de Investigaciones Económicas, Sociales y Tecnológicas de la Agroindustria y la Agricultura Mundial, _c1994. |
||
| 300 | _a43 h. | ||
| 410 | 2 | 1 | _aUACH. CIESTAAM |
| 490 | 1 |
_aReporte de investigación _v; 19 |
|
| 590 |
_aBATCH-UPD _b10 _c20130110 _lUCH01 _h0822 |
||
| 590 |
_aBATCH-UPD _b10 _c20130410 _lUCH01 _h0459 |
||
| 590 |
_aBATCH-UPD _b10 _c20130914 _lUCH01 _h1151 |
||
| 590 |
_aCONVERSION _b10 _c20130109 _lUCH01 _h1341 |
||
| 590 |
_aE5995AHE _b05 _c20150212 _lUCH01 _h1331 |
||
| 650 | 1 | 4 | _aDesarrollo económico. |
| 650 | 1 | 4 |
_aEntorno económico. _937161 |
| 650 | 1 | 4 |
_aMéxico _xCondiciones económicas. |
| 650 | 1 | 4 |
_aPolítica económica _zMéxico. _990535 |
| 650 | 1 | 4 | _aTratado Trilateral de Libre Comercio. |
| 700 | 0 |
_aCalva Téllez, José Luis. _917594 |
|
| 810 | 0 | 1 |
_aUACh. CIESTAAM _9115844 |
| 830 | 0 |
_aReporte de investigación _v; 19 _996000 |
|
| 901 | _aBK | ||
| 905 | _aLilia Sánchez G. | ||
| 942 | _cFOLL | ||
| 942 | _n0 | ||
| 949 |
_aFolleto 14898 _bBC _cFOLL _d852641 _eTS1 _i85264 _kDonaciØn _sb |
||
| 949 |
_aFolleto 14898 _bBC _cFOLL _d852642 _eTS2 _fc. 2 _i85264 _kDonaciØn _sb |
||
| 949 |
_aFolleto 14898 _bBC _cFOLL _d852643 _eTS2 _fc. 3 _gI. c/e _i85264 _sb |
||
| 949 |
_aFolleto 14898 _bBC _cUACH _d852644 _eUACH _fc. 4 _gI. c/e _i85264 _sb |
||
| 999 |
_c74724 _d74724 |
||